000 00606nam a2200217Ia 4500
005 20250508165237.0
008 008 250505s9999 xx 000 0 eng d
037 _aReference
040 _aFEDL
_beng
_cFEDL
041 _aeng
_2eng
084 _a300.721, DEN/RR
_qFEDL
100 _aDenzin Norman K Ed.
245 0 _aStrategies of qualitative inquiry
250 _a4
260 _aThousand Oaks, Calfornia
_bSage
_c2013
300 _axviii, 423p.
365 _aUSD
_b56
700 _a Lincoln Yvonna S Ed.
_9780266
942 _cREF
_h300.721, DEN/RR
999 _c1394015
_d1394015